| 000 | 01413nam a2200385 i 4500 | ||
|---|---|---|---|
| 001 | 192664 | ||
| 003 | SpMaBN | ||
| 005 | 20240224063118.0 | ||
| 008 | 230509s2022 sp | |||| 000 0 spa | ||
| 017 |
_aM 12716-2022 _bOficina Depósito Legal Madrid |
||
| 020 | _a9788418633966 | ||
| 040 |
_aSpMaBN _bspa _cES-MaACL _erda |
||
| 080 | _a32(100)"20" | ||
| 080 | _a32(460)"20" | ||
| 080 | _a159.955.5 | ||
| 100 |
_aMartín Campillo, Francisco Javier _eaut _9176492 |
||
| 245 | 1 | 0 |
_a¿Fin de la historia o fin de la democracia? / _cFrancisco Javier Martín Campillo. |
| 250 | _aPrimera edición: mayo de 2022 | ||
| 264 | 1 |
_aTres Cantos (Madrid) : _bBohodón Ediciones, _c2022 |
|
| 300 |
_a110 páginas ; _c21 cm |
||
| 336 |
_aTexto _2rdacontent |
||
| 337 |
_asin mediación _2rdamedia |
||
| 338 |
_avolumen _2rdacarrier |
||
| 490 | 1 | _aColección autor | |
| 500 | _aÍndice | ||
| 650 | 0 |
_aPolítica mundial- _yS.XXI _9176493 |
|
| 650 | 0 |
_aPolítica- _zEspaña- _yS.XXI _9176494 |
|
| 650 | 0 |
_aPensamiento crítico _2embne _9176495 |
|
| 830 | 1 |
_aColección autor (Bohodón Ediciones) _9193620 |
|
| 852 |
_aES-MaACL _bR.153349 _jN-8256 _xDonación: Francisco Javier Martín Campillo _zDedicatoria autógrafa del autor _cDEPOJ _9199963 |
||
| 903 |
_aMartín Campillo, Francisco Javier _ednr _9176492 |
||
| 942 |
_cMONOGRAFIA _n0 |
||
| 999 |
_c192664 _d192664 |
||